000 00365pab a2200145 454500
008 180718b1984 xxu||||| |||| 00| 0 eng d
100 _aGupta, Chandra B.
245 _aCorporate planning in public enterprises
260 _c1984
300 _a63-72
362 _aJan.-Mar.
650 _aGovernment Enterprise - India
773 _aState Enterprise
909 _a9270
999 _c9270
_d9270